000 00422nam a2200133Ia 4500
005 20260326235452.0
008 260326s9999||||xx |||||||||||||| ||und||
100 _aBanco Internacional de Reconstrucción y Fomento
245 0 _aEl Futuro de Bogotá /
_cBanco Internacional de Reconstrucción y Fomento
260 _bPrograma de las Naciones Unidas para el Desarrollo
300 _a74 p.
650 _aCOLOMBIA
942 _cBK
999 _c7796
_d7796